Teams that Beat Spain in Football - Statistics

General Stats
  • This quiz has been taken 301 times
  • The average score is 19 of 23
Answer Stats
Year(s) National team % Correct
1934, 1988, 1994, 2016, 2021 Italy
97%
2014 Netherlands
96%
1950, 1962, 1986 Brazil
95%
1984, 2000, 2006 France
95%
2004 Portugal
94%
1966, 1982, 1988 Germany
93%
1966 Argentina
91%
2022 Japan
91%
2022 Morocco
91%
2018 Russia
91%
1980, 1996 England
89%
1980, 1986 Belgium
86%
2016 Croatia
86%
2010 Switzerland
85%
2014 Chile
83%
2002 South Korea
80%
1950 Sweden
80%
1990 Yugoslavia
80%
1962 Czechoslovakia
72%
1978 Austria
66%
2000 Norway
62%
1998 Nigeria
43%
1982 Northern Ireland
22%
No matching quizzes found
Score Distribution
Percent of People with Each Score
Percentile by Number Answered
Your Score History
You have not taken this quiz